El cultivo de la humanidad: una defensa clásica de la reforma en la educación liberal
Uloženo v:
| Hlavní autor: | |
|---|---|
| Médium: | Kniha |
| Jazyk: | španělština |
| Vydáno: |
Barcelona
Paidós Ibérica
2005
|
| Vydání: | 1a. ed |
| Edice: | Paidós Básica, 123
|
| Témata: | |
| Tagy: |
Přidat tag
Žádné tagy, Buďte první, kdo vytvoří štítek k tomuto záznamu!
|
MARC
| LEADER | 00000nam a2200000 a 4500 | ||
|---|---|---|---|
| 001 | UCJ8909 | ||
| 003 | CL-VaPUC | ||
| 008 | 070126e20050000SP |||||||||||||||||spa|d | ||
| 020 | |a 8449317703 | ||
| 082 | 0 | 4 | |a 370.112 |b NUS |2 21 |
| 100 | |a Nussbaum, Martha Craven |e autora |9 518695 | ||
| 245 | 1 | 3 | |a El cultivo de la humanidad: una defensa clásica de la reforma en la educación liberal |
| 250 | |a 1a. ed | ||
| 300 | |a 338 p | ||
| 942 | |c BK | ||
| 945 | |d 20070126 00:00:00 |a cmena | ||
| 260 | |a Barcelona |b Paidós Ibérica |c 2005 | ||
| 650 | 0 | |a Filosofía de la educación |9 258384 | |
| 650 | 0 | |a Liberalismo |9 255715 | |
| 650 | 0 | |a Escuelas filosóficas |9 266232 | |
| 583 | |a last modification |c 20070126 00:00:00 |k Rodrigo Vera | ||
| 490 | 0 | |a Paidós Básica, 123 | |
| 999 | |c 324553 |d 324551 | ||
| 952 | |0 0 |1 0 |4 0 |6 370_112000000000000_NUS_2005 |7 0 |8 A |9 404814 |a BIBEDU |b BIBEDU |d 2019-11-22 |i 4321413 |o 370.112 NUS 2005 |p 4321413 |r 2019-11-22 |w 2019-11-22 |y BK |k PSI | ||